[Event "MCR mladeze 2019 - D14"]
[Site "Kouty nad Desnou"]
[Date "2019.03.13"]
[Round "6"]
[White "Habinova, Alice"]
[Black "Hosova, Sandra"]
[Result "0-1"]
[WhiteElo "1409"]
[BlackElo "1148"]
[EventDate "2019.03.09"]

1. e4  c5  2. Nc3  Nc6
3. g3  g6  4. d3
Bg7  5. Be3  b6
6. Qd2  Nf6  7. Bh6  O-O
8. Bg2  d6  9. e5
Bxh6  10. Qxh6  Ng4
11. Qh4  Qc7  12. Nd5
Qb8  13. Nxe7+  Nxe7
14. Qxe7  Nxe5  15. Ne2
Bg4  16. Qf6  Qd8
17. Qf4  Rc8  18. Nc3
Re8  19. O-O  Be6
20. Nd5  Kg7  21. Rae1
Bxd5  22. Bxd5  Qf6
23. Qxf6+  Kxf6  24. f4
Ng4  25. Be4  d5
26. Bf3  Ne3  27. Rf2
d4  28. Rfe2  Re7
29. c3  Re6  30. Rc1
Rce8  31. cxd4  cxd4
32. b4  a5  33. bxa5
bxa5  34. Rc5  Ra6
35. Be4  Rb8  36. Rc7
Rb1+  0-1

[Event "MCR mladeze 2019 - D14"]
[Site "Kouty nad Desnou"]
[Date "2019.03.13"]
[Round "6"]
[White "Vankova, Marie"]
[Black "Merinska, Julie"]
[Result "1-0"]
[WhiteElo "1341"]
[BlackElo "1044"]
[EventDate "2019.03.09"]

1. e4 e5 2. Nf3 Nc6 3. Bc4 Nf6 4. d3 d5 5. exd5 Nxd5 6. O-O Bc5 7. Re1 Bg4 8. h3
Bxf3 9. Qxf3 Nf6 10. Bg5 Qd6 11. Bb5 O-O 12. Bxc6 bxc6 13. Bxf6 Qxf6 14. Qxf6
gxf6 15. Nd2 Rab8 16. Ne4 Be7 17. b3 f5 18. Ng3 f4 19. Nf5 Bf6 20. Rad1 c5 21.
Re4 Rfd8 22. Ra4 Rb7 23. f3 Kh8 24. Ra5 Rg8 25. Nh6 Rg6 26. Ng4 h5 27. Nxf6 Rxf6
28. Rxc5 Re6 29. Re1 Ra6 30. Rexe5 Rxa2 31. Re7 Kg7 32. Rcxc7 Rxc7 33. Rxc7 Kg6
34. Kf2 Ra6 35. g3 fxg3+ 36. Kxg3 f6 37. d4 Ra2 38. d5 Ra6 39. Rc6 Ra5 40. d6 Kf7
41. Rc3 Ke8 42. Rd3 Kd7 43. c4 Rc5 44. Rd5 1-0

[Event "MCR mladeze 2019 - D14"]
[Site "Kouty nad Desnou"]
[Date "2019.03.13"]
[Round "6"]
[White "Jirotova, Eliska"]
[Black "Smajzrova, Dominika"]
[Result "1-0"]
[WhiteElo "1250"]
[BlackElo "1400"]
[EventDate "2019.03.09"]

1. e4  e5  2. d4  exd4
3. Qxd4  Nc6  4. Qe3
Nf6  5. Nc3  Bb4
6. Bd2  O-O  7. O-O-O
d6  8. Bc4  Bc5
9. Qg3  Nh5  10. Qf3  Ne5
11. Qe2  Bxf2  12. Qxf2
Nxc4  13. Qe2  Nxd2
14. Rxd2  Qg5  15. Nf3
Qg6  16. Nd5  Re8
17. Nh4  Rxe4  18. Ne7+
Rxe7  19. Qxe7  f6
20. Nxg6  hxg6  21. Qxc7
1-0

[Event "MCR mladeze 2019 - D14"]
[Site "Kouty nad Desnou"]
[Date "2019.03.13"]
[Round "6"]
[White "Zilava, Anezka"]
[Black "Pluharova, Asja"]
[Result "0-1"]
[WhiteElo "1267"]
[BlackElo "1143"]
[EventDate "2019.03.09"]

1. e4 c5 2. c3 d6 3. d4 cxd4 4. cxd4 Nf6 5. Nc3 e6 6. Bg5 Be7 7. Bd3 O-O 8. Qd2
Nc6 9. Nf3 a6 10. a3 Bd7 11. O-O Qb6 12. e5 dxe5 13. dxe5 Nd5 14. Bxe7 Ncxe7 15.
Nxd5 exd5 16. Rac1 f6 17. exf6 Qxf6 18. Rfe1 Rae8 19. Ng5 Bf5 20. Bxf5 Qxf5 21.
Rc7 Ng6 22. Nf3 Nf4 23. Nh4 Qg5 24. Qc3 Nh3+ 25. Kh1 Rxe1+ 26. Qxe1 Nxf2+ 27. Kg1
Qxh4 28. Qe6+ Kh8 29. Rc8 Nh3+ 30. gxh3 Qf2+ 0-1

[Event "MCR mladeze 2019 - D14"]
[Site "Kouty nad Desnou"]
[Date "2019.03.13"]
[Round "6"]
[White "Vlachynska, Lilian"]
[Black "Markova, Karolina"]
[Result "1-0"]
[WhiteElo "1108"]
[BlackElo "1474"]
[EventDate "2019.03.09"]

1. e4 c5 2. Nf3 Nc6 3. d4 cxd4 4. Nxd4 g6 5. c4 Bg7 6. Be3 Nf6 7. Nc3 O-O 8. f3
d6 9. Qd2 a6 10. Be2 Rb8 11. O-O Bd7 12. a3 Nxd4 13. Bxd4 b5 14. b4 Qc7 15. c5
dxc5 16. Bxc5 Be6 17. Rac1 Rfd8 18. Qc2 Qb7 19. Rfd1 Rbc8 20. Rb1 Ne8 21. a4 Nd6
22. a5 Nc4 23. Bxc4 Bxc4 24. Rd2 Rd7 25. Rxd7 Qxd7 26. Rd1 Qe6 27. Nd5 Bxd5 28.
Rxd5 Qf6 29. Qd2 e6 30. Rd3 Bf8 31. Bxf8 Kxf8 32. Rd6 Qa1+ 33. Kf2 Qb1 34. Kg3
Rc4 35. Rxa6 Rxb4 36. Ra8+ Kg7 37. a6 Ra4 38. Qd7 Qe1+ 39. Kh3 Qb1 40. a7 Qa2 41.
Qxb5 Rxa7 42. Qe5+ Kh6 43. Rxa7 Qxa7 44. Qf6 Qd7 45. Kh4 Qc7 46. f4 Qc2 47. Qg5+
Kg7 48. e5 Qf5 49. Qxf5 gxf5 50. Kg5 h6+ 51. Kh5 f6 52. exf6+ Kxf6 53. Kxh6 e5
54. fxe5+ Kxe5 55. Kg5 f4 56. h4 Ke4 57. h5 f3 58. gxf3+ Kxf3 59. h6 1-0

[Event "MCR mladeze 2019 - D14"]
[Site "Kouty nad Desnou"]
[Date "2019.03.13"]
[Round "6"]
[White "Stastna, Alena"]
[Black "Semova, Lada"]
[Result "0-1"]
[WhiteElo "1126"]
[BlackElo "1441"]
[EventDate "2019.03.09"]

1. e4  e5  2. Nf3  Nc6
3. Bb5  a6  4. Ba4
d6  5. d4  b5
6. Bb3  Nxd4  7. Nxd4  exd4
8. Qxd4  c5  9. Qd5
Be6  10. Qc6+  Bd7
11. Qb7  c4  12. Bxc4
bxc4  13. O-O  Be7
14. Qd5  Qc8  15. Qd4
Nf6  16. Nc3  O-O
17. Bg5  Qc7  18. Nd5
Nxd5  19. Qxd5  Be6
20. Qd2  Bxg5  21. Qxg5
Qb7  22. e5  Qb5
23. f4  dxe5  24. Qxe5
Qxe5  25. fxe5  Rab8
26. b3  cxb3  27. axb3
Rb6  28. Rf3  Rc8
29. Rd3  h6  30. c4
Rc5  31. Rd6  Rxb3
32. Rdxa6  Rxe5  33. Rc6
Rc3  34. Ra4  Rc2
35. Ra8+  Kh7  36. Ra4
Re1#  0-1

[Event "MCR mladeze 2019 - D14"]
[Site "Kouty nad Desnou"]
[Date "2019.03.13"]
[Round "6"]
[White "Glasbergerova, Lucie"]
[Black "Holaskova, Marketa"]
[Result "1-0"]
[WhiteElo "1138"]
[BlackElo "1184"]
[EventDate "2019.03.09"]

1. e4  e5  2. Nf3  Nc6
3. Bc4  Nf6  4. Ng5
d5  5. exd5  Na5
6. Qe2  Bd6  7. d4
O-O  8. dxe5  Bxe5
9. O-O  Nxc4  10. Qxc4
Nxd5  11. Qe4  Bf6
12. Qxh7# 1-0

[Event "MCR mladeze 2019 - D16"]
[Site "Kouty nad Desnou"]
[Date "2019.03.13"]
[Round "6"]
[White "Dvorakova, Olga"]
[Black "Huskova, Agata"]
[Result "1-0"]
[WhiteElo "1715"]
[BlackElo "1406"]
[EventDate "2019.03.09"]

1. d4  Nf6  2. c4  d6
3. Nf3  Bg4  4. e3
c6  5. Be2  Qc7
6. Nc3  e5  7. Qb3  Nbd7
8. Bd2  Be7  9. h3
Bh5  10. g4  Bg6
11. Nh4  Ne4  12. Nxg6
Nxd2  13. Qc2  hxg6
14. Qxd2  Nf6  15. O-O-O
O-O-O  16. f4  exf4
17. exf4  Rh4  18. g5
Nh5  19. Bg4+  Kb8
20. Qf2  1-0

[Event "MCR mladeze 2019 - D16"]
[Site "Kouty nad Desnou"]
[Date "2019.03.13"]
[Round "6"]
[White "Rolinkova, Lucie"]
[Black "Otrubova, Kristyna"]
[Result "1/2-1/2"]
[WhiteElo "1639"]
[BlackElo "1680"]
[EventDate "2019.03.09"]

1. d4  Nf6  2. Bf4  g6
3. Nf3  Bg7  4. e3
O-O  5. Nc3  d6
6. h3  Nbd7  7. g4  c5
8. g5  Nh5  9. Bh2
Qb6  10. Nd5  Qxb2
11. Nxe7+  Kh8  12. Bxd6
Qc3+  13. Nd2  cxd4
14. Nd5  Qa5  15. Bxf8
Nxf8  16. e4  Bf5
17. Bd3  Re8  18. Kf1
Be6  19. Nc4  Qc5
20. Qf3  Rd8  21. Nd2
Nd7  22. Nb3  Qd6
23. Qg2  Ne5  24. Na5
Qd7  25. Rb1  b6
26. Bb5  Qc8  27. f4
bxa5  28. fxe5  Bxe5
29. Ne7  Qc3  30. Nc6
Ng3+  31. Kg1  Qe3+
32. Qf2  Qxf2+  33. Kxf2
Nxh1+  34. Rxh1  a6
35. Nxd8  axb5  36. Nxe6
fxe6  37. Ke2  Bf4
38. h4  Kg7  39. Kd3
e5  40. c3  dxc3
41. Kxc3  Kf7  42. a3
Ke6  43. Rb1  b4+
44. axb4  axb4+  45. Kxb4
Bg3  46. Rh1  Bf4
47. Kc5  h6  48. gxh6
Bxh6  49. Rd1  Bf8+
50. Kc6  Be7  51. Rg1
Bxh4  52. Rxg6+  Kf7
53. Rg4  Bf2  54. Kd6
Kf6  55. Rg8  Kf7
56. Rg5  Bd4  57. Rf5+
Ke8  58. Ke6  Bc3
59. Rh5  Kf8  60. Rh8+
Kg7  61. Rc8  Bd4 1/2-1/2

[Event "MCR mladeze 2019 - D16"]
[Site "Kouty nad Desnou"]
[Date "2019.03.13"]
[Round "6"]
[White "Otahalova, Nela"]
[Black "Gregurkova, Nikola"]
[Result "0-1"]
[WhiteElo "1343"]
[BlackElo "1687"]
[EventDate "2019.03.09"]

1. Nf3  Nf6  2. g3  g6
3. b3  Bg7  4. Bb2
d5  5. d4  e6
6. c4  b6  7. Bg2  Bb7
8. O-O  O-O  9. Nbd2
Nbd7  10. Rc1  c5
11. e3  Rc8  12. Rc2
Qe7  13. Ba3  Rfd8
14. Qc1  Bf8  15. Re1
Qe8  16. Bb2  Bg7
17. a3  dxc4  18. Nxc4
Nb8  19. dxc5  Rxc5
20. b4  Rcc8  21. Be5
Qe7  22. Rd1  Bd5
23. Bxf6  Bxf6  24. Nce5
Qb7  25. e4  Rxc2
26. Qxc2  Bxe4  27. Rxd8+
Bxd8  28. Qe2  Bd5
29. Ne1  Nd7  30. Bxd5
Qxd5  31. N5f3  a5
32. bxa5  bxa5  33. a4
Bf6  34. h4  Ne5
35. Nd2  h5  36. f3
Qd4+  37. Kg2  Qxa4
38. Ne4  Bg7  39. Qb2
Qb4  40. Qc1  Qc4
41. Qd1  Qd5  42. Qc1
Qa2+  43. Kh3  Qc4
44. Nc2  Nxf3  0-1

[Event "MCR mladeze 2019 - D16"]
[Site "Kouty nad Desnou"]
[Date "2019.03.13"]
[Round "6"]
[White "Vavrinkova, Anna"]
[Black "Steinova, Kamila"]
[Result "1/2-1/2"]
[WhiteElo "1543"]
[BlackElo "1378"]
[EventDate "2019.03.09"]

1. e4  e5  2. Nf3  Nc6
3. Bb5  d6  4. d4
exd4  5. Nxd4  Bd7
6. Nc3  g6  7. Nf3
Bg7  8. Bd2  Nf6
9. O-O  O-O  10. h3
a6  11. Bd3  Re8
12. Nh2  Be6  13. f4
d5  14. e5  Nd7
15. Nf3  f6  16. exf6  Qxf6
17. Kh1  Nb6  18. Ng5
Bf5  19. Be2  Nd4
20. Bd3  Rad8  21. Bxf5
Qxf5  22. Rc1  Ne6
23. g4  Qf6  24. Nxe6
Qxe6  25. Qf3  Qc6
26. Rce1  Nc4  27. Rxe8+
Rxe8  28. Bc1  Nb6
29. f5  gxf5  30. gxf5
Bf6  31. Rg1+  Kh8
32. Qg2  d4  33. Qxc6
bxc6  34. Nd1  Re2
35. Bf4 Nd5  36. Bh6  Be5
37. Rg2  Re1+  38. Rg1
Re2  39. Rg2  1/2-1/2

[Event "MCR mladeze 2019 - D16"]
[Site "Kouty nad Desnou"]
[Date "2019.03.13"]
[Round "6"]
[White "Saskova, Renata"]
[Black "Jankovska, Hana"]
[Result "1/2-1/2"]
[WhiteElo "1284"]
[BlackElo "1164"]
[EventDate "2019.03.09"]

1. e4  e6  2. d4  d5
3. exd5  exd5  4. Nf3
c5  5. c3  Nc6
6. Be3  c4  7. Nbd2  Bf5
8. b3  b5  9. a4
a6  10. g3  Nf6
11. Bg2  Bd3  12. Ne5  Nxe5
13. dxe5  Ne4  14. Nxe4
dxe4  15. bxc4  bxc4
16. Bf1  Qa5  17. Bd4
Rd8  18. Qd2  Bc5
19. Bxd3  exd3  20. Bxc5
Qxc5  21. Qf4  O-O
22. O-O  Rfe8  23. Rfe1
d2  24. Red1  Qxe5
25. Qxe5  Rxe5  26. Kf1
g5  27. Ra2  h5
28. Raxd2  Rxd2  29. Rxd2  Kg7
30. Rd4  Rc5  31. Ke2
f5  32. Ke3  Re5+
33. Kf3  Rc5  34. h4
gxh4  35. Rxh4  Kg6
36. Rd4  Kg5  37. Ke3
a5  38. f3  Re5+
39. Kf2  Rc5 40. Rh4  Rc6
41. Ke3  Kh6  42. Kd4
Rg6  43. Rh3  1/2-1/2

[Event "MCR mladeze 2019 - D16"]
[Site "Kouty nad Desnou"]
[Date "2019.03.13"]
[Round "6"]
[White "Markova, Katerina"]
[Black "Souckova, Viktorie"]
[Result "0-1"]
[WhiteElo "1097"]
[BlackElo "1159"]
[EventDate "2019.03.09"]

1. e4 e5 2. Nf3 d6 3. Bc4 Nc6 4. Nc3 Bg4 5. d3 h6 6. Be3 Nf6 7. h3 Bxf3 8. gxf3
Nd4 9. f4 a6 10. fxe5 dxe5 11. Rg1 Qd7 12. Bxd4 exd4 13. Ne2 Bb4+ 14. c3 dxc3 15.
bxc3 Bf8 16. Rb1 O-O-O 17. Qb3 b5 18. a4 c6 19. axb5 cxb5 20. Ra1 Qb7 21. Bxf7
Rxd3 22. Be6+ Kb8 23. e5 Ne4 24. Rg6 Qa7 25. Nd4 Rxc3 26. Qd5 Qc7 27. Qxe4 Bb4
28. Nc6+ Rxc6+ 29. Qxb4 Qxe5+ 30. Kf1 Qxa1+ 31. Kg2 Qe5 32. Qe7 Qe4+ 0-1

[Event "MCR mladeze 2019 - H10"]
[Site "Kouty nad Desnou"]
[Date "2019.03.13"]
[Round "6"]
[White "Zelba, Lukas"]
[Black "Veverka, Vladimir"]
[Result "1/2-1/2"]
[WhiteElo "1218"]
[BlackElo "1347"]
[EventDate "2019.03.09"]

1. Nf3  Nf6  2. d4  d5
3. c4  e6  4. e3
c5  5. Nc3  Nc6
6. dxc5  Bxc5  7. cxd5  Nxd5
8. Nxd5  Qxd5  9. Qxd5
exd5  10. Bb5  a6
11. Bxc6+  bxc6  12. Bd2
Bd6  13. Bc3  O-O
14. Rd1  Rb8  15. O-O
Bg4  16. Rd4  Bxf3
17. gxf3  Be5  18. Ra4
Bxc3  19. bxc3  Rb6
20. Rd1  Rfb8  21. c4
Rb1  22. Rxb1  Rxb1+
23. Kg2  dxc4  24. Rxa6
Kf8  25. Rxc6  Ra1
26. Rxc4  Rxa2  27. Rc1
g6  28. f4  Kg7
29. e4  Ra3  30. f3  Ra5
31. h4  Rb5  32. Rc2
Ra5  33. Kg3  Rb5
34. Rd2  Kf6  35. e5+
Ke7  36. Ra2  h5
37. Ra6  Rb1  38. f5
gxf5  39. Rh6  Re1
40. Kf4  Rh1  41. Rxh5
f6  42. Kxf5  fxe5
43. Kxe5  Kf7  44. Kf5
Kg7  45. f4  Rf1
46. Rg5+  Kh6  47. Rg8
Kh7  48. Rg3  Kh6
49. Rg5  Rh1  50. h5
Rf1  51. Rg8  Rf2
52. Rg6+  Kh7  53. Kg5
Rg2+  54. Kf6  Rh2
55. h6  Rf2  56. f5
Kh8  57. Rg4  Kh7
58. Re4  Rf1  59. Rg4
Rf2  60. Kg5  Ra2
61. Rf4  Rg2+  62. Kf6
Rh2  63. Rg4  Rxh6+
64. Kf7  Rh2  65. Rg7+
Kh8  66. Rg4  Kh7
67. f6  Rh1  68. Kf8
Ra1  69. Rg7+  Kh6
70. Rd7  Kg6  71. f7
Ra8+  72. Ke7  Kg7
73. Rd3  Ra7+  74. Ke8
Ra8+  75. Ke7  Ra7+
76. Ke8  Ra8+ 1/2-1/2

[Event "MCR mladeze 2019 - H10"]
[Site "Kouty nad Desnou"]
[Date "2019.03.13"]
[Round "6"]
[White "Zemek, Antonin"]
[Black "Setina, Vaclav"]
[Result "1-0"]
[WhiteElo "1177"]
[BlackElo "1388"]
[EventDate "2019.03.09"]

1. d4  d5  2. Nc3  Nf6
3. Bg5  Bf5  4. e3
e6  5. Bd3  Bxd3
6. Qxd3  h6  7. Bh4
Be7  8. Nf3  Nbd7
9. O-O  O-O  10. e4
Nxe4  11. Bxe7  Qxe7
12. Nxe4  dxe4  13. Qxe4
b6  14. c3  c5
15. dxc5  Nxc5  16. Qe2  Rac8
17. Rad1  Nd7  18. Ne5
Nf6  19. Rd3  Nd5
20. Ng6  Qg5  21. Rg3
Nf4  22. Qf3  Qb5
23. Nxf4  Qxb2  24. Qg4
g5  25. h4  Rxc3
26. hxg5  f5  27. Qh5
Rxg3 28. Qxh6  Rg4  29. Nxe6
Rf7  30. Qg6+  Rg7
31. Nxg7  Qxg7  32. Qxg7+
Kxg7  33. f4  Rh4
34. g3  Rh8  35. Rd1
Ra8  36. Kf2  Kf7
37. Kf3  Ke6  38. g4
Rc8  39. gxf5+  Kxf5
40. Rd5+  Ke6  41. Ke4
Rc2  42. f5+  Ke7
43. f6+  Ke6  44. Re5+
Kf7  45. Re7+  Kg6
46. Rg7+  Kh5  47. f7
Rf2  48. g6  Kh6
49. Rg8  a5  50. f8=Q+ Rxf8 51.
Rxf8  Kxg6  52. Rb8  a4
53. Rxb6+  Kf7 54. Kf5 Ke7 55. Ra6
Kd7  56. Ke5  Kc7
57. Kd5  Kb7 58. Rc6 Ka7  59.
Kc5  Kb7  60. Kb5  a3
61. Rc5  Ka7  62. Rc7+
Kb8  63. Kb6  1-0

[Event "MCR mladeze 2019 - H10"]
[Site "Kouty nad Desnou"]
[Date "2019.03.13"]
[Round "6"]
[White "Juhanak, Daniel"]
[Black "Finek, Vaclav"]
[Result "1/2-1/2"]
[WhiteElo "1586"]
[BlackElo "1903"]
[EventDate "2019.03.09"]

1. d4  Nf6  2. Bf4  d5
3. e3  e6  4. Nf3
Bd6  5. Bg3  O-O
6. Nbd2  c5  7. c3
Nc6  8. Bd3  Qe7
9. Ne5  Rd8  10. Qe2
Bd7  11. f4  a6
12. O-O  b5  13. Bh4  Qf8
14. Bxf6  gxf6  15. Nxc6
Bxc6  16. Bxh7+  Kxh7
17. Rf3  Qh6  18. Rh3
Qxh3  19. gxh3  Kg7
20. Nb3  c4  21. Nd2
Rg8  22. Kf2  Kf8
23. Rg1  Ke7  24. Rxg8
Rxg8  25. Qh5  b4
26. Qf3  bxc3  27. bxc3
Ba8  28. Qd1  Bc6
29. h4  a5  30. h5
Rh8  31. Qg4  Kf8
32. Qf3  Ba4  33. Qh3
1/2-1/2

[Event "MCR mladeze 2019 - H10"]
[Site "Kouty nad Desnou"]
[Date "2019.03.13"]
[Round "6"]
[White "Gorej, Vojtech"]
[Black "Langmaier, Michal"]
[Result "1/2-1/2"]
[WhiteElo "1346"]
[BlackElo "1128"]
[EventDate "2019.03.09"]

1. e4  c5  2. Nf3  e6
3. d4  cxd4  4. Nxd4
a6  5. Bd3  Qc7
6. O-O  Nc6  7. Be3  Nf6
8. Nc3  Ne5  9. h3
b5  10. a3  Bb7
11. f4  Nc4  12. Bxc4  Qxc4
13. Qd3  Qxd3  14. cxd3
Bc5  15. Nc2  Bxe3+
16. Nxe3  d6  17. Rac1
O-O  18. Ne2  Rac8
19. Rxc8  Rxc8  20. Rc1
Rxc1+  21. Nxc1  Kf8
22. Kf2  Ke7  23. Nb3
Nd7  24. g4  Nc5
25. Nxc5  dxc5  26. f5
exf5  27. Nxf5+  Kf6
28. Ke3  g6  29. Nd6
Bc6  30. b4  cxb4
31. axb4  Ke6  32. e5
f6  33. Ne4  Bxe4 34. Kxe4
fxe5  35. g5 1/2-1/2

[Event "MCR mladeze 2019 - H10"]
[Site "Kouty nad Desnou"]
[Date "2019.03.13"]
[Round "6"]
[White "Babula, Matej"]
[Black "Novotny, Petr"]
[Result "1-0"]
[WhiteElo "1188"]
[BlackElo "1026"]
[EventDate "2019.03.09"]

1. e4  d5  2. exd5  Nf6
3. d4  Nxd5  4. Nf3
g6  5. c4  Nb6
6. c5  Nd5  7. Bc4  c6
8. Qb3  Bg7  9. Nc3
O-O  10. O-O  Nxc3
11. bxc3  Nd7  12. Re1
b5  13. Bf1  Nf6
14. a4  bxa4  15. Rxa4
Bf5  16. Nh4  Be6
17. Qb7  Re8  18. Rxa7
Rxa7  19. Qxa7  Qd5
20. Qa4  Qh5  21. Nf3
Bd5  22. Ne5  Rc8
23. Qd1  Qf5  24. Bd3
Qe6  25. Nxg6  Qd7
26. Nxe7+  Kf8  27. Nxc8
Qxc8  28. Bg5  1-0

[Event "MCR mladeze 2019 - H10"]
[Site "Kouty nad Desnou"]
[Date "2019.03.13"]
[Round "6"]
[White "Zrubek, Dan"]
[Black "Letal, Jonas"]
[Result "1-0"]
[WhiteElo "1115"]
[BlackElo "1122"]
[EventDate "2019.03.09"]

1. e4  c5  2. Nf3  Nc6
3. Nc3  Nf6  4. Bb5
e6  5. e5  Nd5
6. Nxd5  exd5  7. O-O  Be7
8. Bxc6  bxc6  9. d4
O-O  10. b3  Ba6
11. Re1  Kh8  12. Bb2
f6  13. dxc5  fxe5
14. Nxe5  Bxc5  15. Bd4
Bd6  16. Qg4  Qc7
17. f4  Bb4  18. Nd3
d6  19. Nxb4  Bc8
20. Qg3  Bf5  21. Nxc6
Rf7  22. Nxa7  Bxc2
23. Rac1  Qa5  24. Rxc2
Qb4  25. Nc6  Qb5
26. Qe3  h6  27. Qe6
Rc7  28. Qxh6+  Kg8
29. Qxd6  Rb7  30. Nd8
Rd7  31. Qc6  Qxc6
32. Nxc6  Rc8  33. Ne7+
Kf7  34. Nxc8  Rd8
35. Re7+  Kg6  36. f5+
Kxf5  37. Rxg7  Ke4
38. Nb6  Kxd4  39. Nxd5
Rxd5  40. Rd2+  Ke4
41. Rxd5  Kxd5  42. a4
Kc5  43. b4+  Kxb4
44. h4  Kxa4  45. Rb7
Ka5  46. h5  Ka6
47. Rb1  Ka5  48. h6
Ka4  49. h7  Ka5
50. h8=R  Ka4  51. Ra8# 1-0

[Event "MCR mladeze 2019 - H12"]
[Site "Kouty nad Desnou"]
[Date "2019.03.13"]
[Round "6"]
[White "Lang, Simon"]
[Black "Janous, Marek"]
[Result "0-1"]
[WhiteElo "1448"]
[BlackElo "1663"]
[EventDate "2019.03.09"]

1. d4  Nf6  2. Bf4  g6
3. Nc3  Bg7  4. e4
d6  5. Qd2  c6
6. O-O-O  b5  7. Be2  b4
8. Na4  Nxe4  9. Qe3
Nf6  10. Bf3  O-O
11. h4  h5  12. Bh6
Qa5  13. Bxg7  Kxg7
14. b3  Be6  15. Ne2
Re8  16. Nf4  Bg4
17. d5  Bxf3  18. Qxf3
cxd5  19. Nxd5  Nbd7
20. Nxf6  Nxf6  21. Rhe1
Rac8  22. Kb1  d5
23. Re5  e6  24. Nb2
Ne4  25. Qxe4  f6
26. Re1  Qc7  27. Qe2
Qxe5  28. Qxe5  fxe5
29. Rxe5  Kf6  30. f4
Rc3  31. Nd3  a5
32. Rg5  Rec8  33. Ne5
Rxc2  34. Rxg6+  Kf5
35. g4+  Kxf4  36. Nc4
Rc3  37. Rf6+  0-1

[Event "MCR mladeze 2019 - H12"]
[Site "Kouty nad Desnou"]
[Date "2019.03.13"]
[Round "6"]
[White "Nemec, Jachym"]
[Black "Werner, Hong Quan Dan"]
[Result "0-1"]
[WhiteElo "1820"]
[BlackElo "1723"]
[EventDate "2019.03.09"]

1. e4  g6  2. d4  Bg7
3. Nc3  d6  4. Be3
Nd7  5. Qd2  a6
6. a4  Ngf6  7. f3  c6
8. Bc4  O-O  9. Nge2
Re8  10. O-O  e5
11. Rfd1  Qc7  12. dxe5
Nxe5  13. Bb3  Bf8
14. Bg5  Nh5  15. f4
Nd7  16. Bc4  Nc5
17. Bd3  Bg4  18. Rf1
Qb6  19. Kh1  Bg7
20. Rab1  Qb4  21. Qe3
d5  22. e5  f6
23. Na2  Qb6  24. b4  Nxa4
25. Qxb6  Nxb6  26. exf6
Bxe2  27. Bxe2  Rxe2
28. Nc1  Rxc2  29. fxg7
Nxg7  30. Nd3  Re8
31. Ne5  Nc4  32. Ng4
Ree2  33. Rfe1  d4
34. Rbd1  Rcd2  35. Kg1
Rxg2+  0-1

[Event "MCR mladeze 2019 - H12"]
[Site "Kouty nad Desnou"]
[Date "2019.03.13"]
[Round "6"]
[White "Paseka, Matyas"]
[Black "Mohapl, Tomas"]
[Result "1-0"]
[WhiteElo "1929"]
[BlackElo "1575"]
[EventDate "2019.03.09"]

1. e4  d5  2. exd5  Nf6
3. c4  c6  4. d4
cxd5  5. Nc3  Nc6
6. Nf3  b6  7. Qa4
Qd7  8. cxd5  Nxd5
9. Bb5  Bb7  10. Ne5
Nxc3  11. bxc3  Qe6
12. Bxc6+  Bxc6  13. Qxc6+
Qxc6  14. Nxc6  Rc8
15. d5  e6  16. c4
a6  17. a4  Ra8
18. Be3  b5  19. axb5  exd5
20. b6  a5  21. b7
1-0

[Event "MCR mladeze 2019 - H12"]
[Site "Kouty nad Desnou"]
[Date "2019.03.13"]
[Round "6"]
[White "Smolik, Jachym"]
[Black "Vasinek, Martin"]
[Result "1-0"]
[WhiteElo "1698"]
[BlackElo "1406"]
[EventDate "2019.03.09"]

1. e4  c5  2. Nf3  Nc6
3. d4  cxd4  4. Nxd4
g6  5. c4  Bg7
6. Be3  Nf6  7. Nc3  d6
8. Be2  Bd7  9. Rc1
O-O  10. O-O  Qa5
11. Qd2  Rfc8  12. f3
Qe5  13. Rfd1  Nxd4
14. Bxd4  Qa5  15. Rb1
Nh5  16. Nd5  Qxd2
17. Rxd2  Bxd4+  18. Rxd4
Kf8  19. b4  Be6
20. f4  Bxd5  21. exd5
Nf6  22. g4  a5
23. g5  Ne8  24. b5  b6
25. Rb3  Ng7  26. Re4
Rc7  27. Kf2  Rb7
28. Ke1  f5  29. Ree3
Ne8  30. Rh3  Kg7
31. Rh6  Nc7  32. Re3
Re8  33. Bf3  Rbb8
34. Rh3  Rbc8  35. Be2
Rcd8  36. Rhf3  Rb8
37. Rf2  Rbd8  38. h4
Rb8  39. h5  Rbd8
40. Rh2  Rb8  41. Kd2
Rbd8  42. Reh3  Rh8
43. Bd3  Rb8  44. Re2
Rhe8  45. Reh2  Rh8
46. Kc3  Rbc8  47. Kb3
e6  48. hxg6  hxg6
49. Rxh8  Rxh8  50. Rxh8
Kxh8  51. c5  exd5
52. cxb6  Ne6  53. Ka4
Nc5+  54. Kxa5 Kg7  55. Be2
Kf7  56. b7  Nxb7+
57. Ka6  Nc5+  58. Ka7
Ke6  59. b6  d4
60. b7  Nd7  61. Bb5  d3
62. Bxd7+ 1-0

[Event "MCR mladeze 2019 - H12"]
[Site "Kouty nad Desnou"]
[Date "2019.03.13"]
[Round "6"]
[White "Kubin, Tomas Daniel"]
[Black "Hladky, Tadeas"]
[Result "0-1"]
[WhiteElo "1415"]
[BlackElo "1700"]
[EventDate "2019.03.09"]

1. e4  e5  2. Nf3  Nc6
3. d4  exd4  4. Bc4
Bb4+  5. c3  dxc3
6. bxc3  Bd6  7. O-O
Nge7  8. Ng5  Ne5
9. Bb3  h6  10. Nh3
Bc5  11. Bf4  N7g6
12. Kh1  Nxf4  13. Nxf4
d6  14. Nd3  Nxd3
15. Qxd3  Qe7  16. Nd2
Be6  17. Bxe6  fxe6
18. Nf3  e5  19. Rab1
Rb8  20. Qd5  c6
21. Qxc6+  bxc6  22. Rxb8+
Kf7  23. Rxh8  Qb7
24. Nd2  Qb2  25. Nb3
Bb6  26. Rc8  Qxa2
27. Nc1  Qc4  0-1

[Event "MCR mladeze 2019 - H12"]
[Site "Kouty nad Desnou"]
[Date "2019.03.13"]
[Round "6"]
[White "Pressler, Tobias"]
[Black "Fizer, Marek"]
[Result "0-1"]
[WhiteElo "1509"]
[BlackElo "1628"]
[EventDate "2019.03.09"]

1. e4  c5  2. Nf3  d6
3. d4  cxd4  4. Nxd4
Nf6  5. Nc3  Nc6
6. Bg5  e6  7. f4
a6  8. Qd3  Bd7
9. O-O-O  b5  10. Qg3  b4
11. Nce2  Nxe4  12. Bxd8
Nxg3  13. Nxg3  Kxd8
14. Ne4  Nxd4  15. Rxd4
d5  16. Ng5  Ke8
17. Kb1  Bc5  18. Rd1
Ke7  19. f5  Kf6
20. fxe6  Bxe6  21. Nxe6
fxe6  22. Be2  Rhf8
23. Bg4  Rae8  24. Rhf1+
Kg5  25. Be2 a5  26. Rfe1
Rf2  27. Bf3  Re7
28. b3  Kf4  29. c4
bxc3  30. Rc1  Rb2+
31. Ka1  Bd4  32. Rcd1
Bf6  33. Rf1  Kg5
34. h4+  Kg6  35. Rde1
Bd4  36. Rd1  e5
37. Bxd5  Re2  38. h5+
Kh6  39. Bf3  Rf2
40. Rfe1  Rc7  41. Be4
c2+  42. Rxd4  c1=Q+
43. Rxc1  Rxc1+  44. Bb1
exd4  45. g4  d3
46. g5+  Kxg5  47. h6
gxh6  48. b4  d2
49. b5  d1=Q  50. b6
Qd4# 0-1